000 00454nam a22001697a 4500
005 20241217164050.0
008 241217b |||||||| |||| 00| 0 eng d
020 _a0567010120
050 _aPA 813 MOU
082 _2VOL 2
100 _aMOULTON, J. H
245 _aA GRAMMER OF NEW TESTAMENT GREEK
_bACCIDENCE AND WORD-FORMATION
_cJ. H. MOULTON
250 _aVOL 2
260 _aEDINBURGH
_bT&T CLARK
_cc1996
300 _aix;. 543p
942 _2lcc
_cBK
_n0
999 _c2428
_d2428